Butlletí mensual d'estadística
Descripción Física:
4 vols. enquadernats ; 24 cm ; Taules, gràf. ; periodicitat: mensual amb irregularitats
Otros Autores:
Catalunya. Servei Central d'Estadística
MARC
| LEADER | 00000nas a2200000 a 4500 | ||
|---|---|---|---|
| 001 | 13353, 13354, 13355, 13356 | ||
| 003 | Arxiu | ||
| 005 | 20260324181036.0 | ||
| 008 | 160829s1934 - xx 000 0 cat d | ||
| 008 | 160829s9999 xx 000 0 cat d | ||
| 245 | |a Butlletí mensual d'estadística | ||
| 260 | |a [Barcelona : |b Institut d'Investigacions Econòmiques] ; |c 1934 - | ||
| 300 | |a 4 vols. enquadernats ; |c 24 cm ; |b Taules, gràf. ; periodicitat: mensual amb irregularitats | ||
| 310 | |a Mensual amb irregularitats | ||
| 362 | |a Any 1 (1934)- | ||
| 590 | |a A la portada: Generalitat de Catalunya, Departament de Presidència, Servei General d'Estadística | ||
| 650 | |a Catalunya |x Estadístiques |x Revistes |9 29228 | ||
| 650 | |a Estadística |x Revistes |9 30202 | ||
| 700 | |a Catalunya. Servei Central d'Estadística |9 22247 | ||
| 710 | |a Catalunya. |b Departament de la Presidència |9 10777 | ||
| 710 | 2 | |a Institut d'Investigacions Econòmiques |9 56303 | |
| 866 | |a Any 1, núm. 1-3 (gener-març 1934) -- Any 3, núm. 4 (abril 1936) | ||
| 866 | |a Any 3, núm. 8 (agost 1936) | ||
| 866 | |a Any 3, núm. 11 (novembre 1936) -- Any 4, núm. 12 (desembre 1937) | ||
| 901 | |a Arxiu | ||
| 942 | |n 1 |2 udc |c REV | ||
| 952 | |0 0 |1 0 |2 udc |4 0 |6 REV169 |7 1 |9 45319 |a Arxiu |b Arxiu |d 2016-12-01 |h Any 1, núm. 1-3 (gener-març 1934) -- Any 1, núm. 11-12 (novembre-desembre 1934) |o Rev-169 |p 13353 |r 2016-12-01 00:00:00 |w 2016-12-01 |y ARXIU | ||
| 952 | |0 0 |1 0 |2 udc |4 0 |6 REV170 |7 0 |9 63357 |a Arxiu |b Arxiu |d 2022-08-09 |h Any 2, núm. 1-3 (gener-març 1935) -- Any 2, núm. 11 (novembre 1935) |l 0 |o Rev-170 |p 13354 |r 2022-08-09 00:00:00 |w 2022-08-09 |y ARXIU | ||
| 952 | |0 0 |1 0 |2 udc |4 0 |6 REV171 |7 1 |9 63358 |a Arxiu |b Arxiu |d 2022-08-09 |h Any 2, núm. 12 (desembre 1935) -- Any 3, núm. 4 (abril 1936) ; Any 3, núm. 8 (agost 1936) ; Any 3, núm. 11 (novembre 1936) -- Any 3, núm. 12 (desembre 1936) |l 0 |o Rev-171 |p 13355 |r 2022-08-09 00:00:00 |w 2022-08-09 |y ARXIU | ||
| 952 | |0 0 |1 0 |2 udc |4 0 |6 REV172 |7 1 |9 63359 |a Arxiu |b Arxiu |d 2022-08-09 |h Any 4, núm. 1-3 (gener-març 1937) -- Any 4, núm. 12 (desembre 1937) |l 0 |o Rev-172 |p 13356 |r 2022-08-09 00:00:00 |w 2022-08-09 |y ARXIU | ||
| 999 | |c 48393 |d 48393 | ||
| 655 | |a Revistes |9 55823 | ||